000 01048nam a2200229 i 4500
001 33968
003 ES-MaACL
005 20250903083409.0
007 t|
008 030203m19821984sp ||||1| spa d
245 0 0 _aCatálogo colectivo de las bibliotecas de centros de estudios eclesiásticos de España :
_bsección de revistas /
_cInstituto de Información Científica de la Iglesia Española (IDICIE) ; con la colaboración de la Dirección General de Bellas Artes, Archivos y Bibliotecas.
260 _aMadrid :
_bInstituto Bibliográfico Hispánico,
_c1982-84.
300 _a2 v. ;
_c30 cm.
500 _av. 2 por Ricardo Blasco Génova.
650 4 _aPublicaciones periódicas-
_vCatálogos colectivos.
_9158900
650 0 4 _aCatálogos colectivos-
_zEspaña
_910840
700 0 _aBlasco Génova, Ricardo.
_929387
710 2 _aInstituto de Información Científica de la Iglesia Española
_94958
710 2 _aInstituto Bibliográfico Hispánico
_94801
852 _aES-MaACL
_jF-6060-61
_bR.103478
999 _c33968
_d33968